Представление документа в формате MARC21

Поле Инд. ПП Название Значение
Тип записи a
Библиографический уровень m
001 Контрольный номер RU/IS/BASE/498651480
005 Дата корректировки 20241021092548.2
040 b Код языка каталог. rus
041 0_ a Код языка текста rus
080 a Индекс УДК 004.77
084 a Индекс другой классификации/Индекс ББК 32.971.353
090 a Полочн. индекс 681.3
x Авторский знак Р70
097 b Оператор 02
100 1_ a Автор Ромейко О. А.
245 10 a Заглавие Поисковая оптимизация сайтов с использованием анализа данных
b Продолж. заглавия дисс. на соиск. степени магистра техн. наук : 1-39 81 03
c Ответственность науч. рук. С. Ю. Михневич
h Физич. носитель только электронный вариант
260 a Место издания Минск
b Издательство БГУИР
c Дата издания 2015
300 a Объем 52 с.
510 0_ a Примечание о ссылках Диссертации и авторефераты диссертаций
653 0_ a Ключевые слова интернет; вычислительные сети; сайты; программное обеспечение
856 40 u URL https://libeldoc.bsuir.by/bitstream/123456789/4737/2/%d0%90%d0%b2%d1%82%d0%be%d1%80%d0%b5%d1%84%d0%b5%d1%80%d0%b0%d1%82.pdf
901 t Тип документа d